000 00360nam a2200145Ia 4500
008 150201s2006 xx 000 0 und d
082 _a611
_bA2006Z
100 _aZARGAR,R.K.
245 _aANATOMY FOR DENTAL STUDENTS
250 _a1ST
260 _bC.B.S PUBLISHERS & DISTRIBUTERS
_aDELHI
_c2006
300 _a1-518
650 _aANATOMY
942 _2ddc
_cBK
_02
999 _c3588
_d3588